| 000 | 00946nam a22002657a 4500 | ||
|---|---|---|---|
| 003 | URS | ||
| 005 | 20260326151011.0 | ||
| 008 | 260318b |||||||| |||| 00| 0 eng d | ||
| 020 | _a9788120731998 | ||
| 040 |
_aDLC _beng _cDLC _dURS _erda |
||
| 050 | 1 | 4 |
_aG155.A1 _bSe75 2011 |
| 100 | 1 | _aSeth, Pran Nath | |
| 245 |
_aSuccessful tourism management: _bfundamentals of tourism: volume 1/ _cFran Nath Seth. with assistance of Sushma S. Bhat- |
||
| 250 | _aFifth revised edition- | ||
| 264 | 1 |
_aNew Delhi: _bSterling Publishers Private Limited, _c2011. |
|
| 300 |
_axv, 399 pages: _billustrations; _c22 cm |
||
| 336 |
_2rdacontent _atext _btxt |
||
| 337 |
_2rdamedia _aunmediated _bn |
||
| 338 |
_2rdacarrier _avolume _bnc |
||
| 500 | _aIncludes summary and index. | ||
| 650 | 0 | _aTourism | |
| 650 | 0 |
_aTourism _aManagement |
|
| 700 | 1 |
_aBhat, Sushma S. _eassistant; |
|
| 942 |
_2lcc _cFR _efifth revised edition _hG155.A1 _iSe75 2011 |
||
| 999 |
_c99220 _d99217 |
||